| 000 | 00800cab a2200253 4500 | ||
|---|---|---|---|
| 001 | ABS58953 | ||
| 008 | 090401t1998 xxu||||| |||| 00| 0 eng d | ||
| 035 | _a(Sirsi) u87056 | ||
| 041 | _aeng | ||
| 100 | _aMurrells, P. | ||
| 245 | _aCan a party wall be registered as a caution? | ||
| 260 | _c1998 | ||
| 350 | _a0 | ||
| 490 |
_aStructural Survey _v16(1) 1998, 42-43(2) |
||
| 520 | _aDiscusses the case of "Observatory Hill Ltd v Camtel Investments SA", arising out of a party wall award under the London Building Acts (Amendment) Act 1939. | ||
| 650 | _aCAUTION | ||
| 650 | _aDAMAGE | ||
| 650 | _aHM LAND REGISTRY | ||
| 650 | _aOBSERVATORY HILL LTD V CAMTEL INVESTMENTS SA | ||
| 650 | _aPARTY WALL AWARDS | ||
| 690 | _aPROPERTY LAW AND PRACTICE | ||
| 942 | _n0 | ||
| 948 | _c26/06/1998 | ||
| 999 |
_c54852 _d54852 |
||